NBA Players by Picture - Netherlands - Statistics

General Stats
  • This quiz has been taken 14 times
    2 since last reset
  • The average score is 2 of 10
Answer Stats
Picture Answer % Correct
Quinten Post
100%
Rik Smits
50%
Dan Gadzuric
0%
Francisco Elson
0%
Geert Hammink
0%
Hank Beenders
0%
Jesse Edwards
0%
Malevy Leons
0%
Swen Nater
0%
Tristan Enaruna
0%
No matching quizzes found
Score Distribution
Percent of People with Each Score
Percentile by Number Answered
Your Score History
You have not taken this quiz since the last reset